00539nam a22001577a 450000500170000001000150001702000260003203500130005803700130007110000220008424501140010626000310022027000830025130000280033450000190036220141013111111.0 aENG-110900 a9789351432456c650.00 aEN-94432 bDBAD/PUB aBhadbhade, Nilima aSpecific performance of contracts :cby Nilima Bhadbhadebthe tests of inadequacy and effective enforcement / aGurgaonbLexis Nexisc2014 a14th Floor, Building No.10, Tower-B, DLF Cyber City, Phase-IIbGurgaone122002 axxxiv,412p. c24cm(pbk) aIncludes index